8 mots dans mots : bim (mort subite) - Statistiques

Statistiques générales
  • Ce quiz a été pris 58 fois
  • Le résultat moyen est 3 sur 8
Answers on the Grid
Answers color-coded by a green-red scale on the quiz's grid according to % correct below.
---bo
Reto---ment
---estrielle
Gobem---hes
---belotier
Réca---ulatif
Ri---belle
Su---es
Ba---no
---étal
Recou---ment
---oteur
---oléculaire
Surpl---ement
Abom---ble
A---er
 
Statistiques - réponses
Réponse % Correct
---bo
90%
---estrielle
55%
A---er
47%
---oteur
47%
---oléculaire
35%
---étal
33%
---belotier
25%
Su---es
12%
Aucun quiz correspondant
Distribution des résultats
% des personnes avec chaque résultat
Percentile par nombre de réponses
Votre historique - résultats
Vous n’avez pas pris ce quiz